| Поле | Инд. | ПП | Название | Значение |
|---|---|---|---|---|
| Тип записи | a | |||
| Библиографический уровень | m | |||
| 001 | Контрольный номер | 00e94d92-fc02-490f-9dc4-cc27111f8443 | ||
| 005 | Дата корректировки | 20131112125854.3 | ||
| 008 | Кодируемые данные | 060310 | ||
| 020 | a | ISBN | 5-288-00980-5 | |
| 040 | a | Служба первич. каталог. | НБ ТвГУ | |
| 041 | a | Код языка текста | rus | |
| 084 | a | Индекс другой классификации/Индекс ББК | У01 | |
| a | Индекс другой классификации/Индекс ББК | У524.05 | ||
| 090 | x | Авторский знак | Л63 | |
| a | Полочн. индекс | У01 | ||
| 100 | 1_ | a | Автор | Лисовик Борис Синаевич |
| 245 | 00 | a | Заглавие | Труд и рынок |
| c | Ответственность | Б. С. Лисовик ; Гос. ком. РСФСР по делам науки и высш. шк. ; С .-Петербург. гос. мор. техн. ун-т | ||
| 260 | 0_ | a | Место издания | СПб. |
| b | Издательство | Санкт-Петербургский гос. ун-т | ||
| c | Дата издания | 1991 | ||
| 300 | a | Объем | 174, [2] с. | |
| 504 | a | Библиография | Библиогр.: с. 171-175 и в подстроч. примеч. | |
| 650 | a | Основная рубрика | Экономика | |
| 650 | a | Основная рубрика | Рынок труда | |
| x | Основная подрубрика | Занятость | ||
| 653 | a | Ключевые слова | Труд | |
| a | Ключевые слова | Рынок труда | ||
| a | Ключевые слова | Товарно-денежные отношения | ||
| a | Ключевые слова | Занятость | ||
| a | Ключевые слова | Рыночная система экономики | ||
| 852 | t | Порядковый номер экземпляра | 1 | |
| q | Физ. особенности экз. | м | ||
| p | Инвентарный номер | 634104 | ||
| 852 | t | Порядковый номер экземпляра | 1 | |
| p | Инвентарный номер | 637292 | ||
| 863 | t | 00034196 | ||
| 930 | a | Новая/Ретро | научная | |
| 954 | a | Дата поступления на обработку | 20060329 | |
| 999 | a | Подразделение 2 | Фил1 | |
| a | Подразделение 2 | ч.з. |